[Event "Asian Schools-ch 12th U15 Girls"]
[Site "Tehran"]
[Date "2016.07.15"]
[Round "7.2"]
[White "Kalantari, Sedigheh"]
[Black "Sadati, Seyedeh Fatemeh"]
[Result "0-1"]
[WhiteElo "1878"]
[BlackElo "1797"]
[PlyCount "78"]
[EventDate "2016.07.11"]
[EventType "swiss"]
[EventRounds "9"]
[EventCountry "IRI"]
[SourceTitle "EXT 2024"]
[Source "ChessBase"]
[SourceDate "2023.10.10"]
[SourceVersion "1"]
[SourceVersionDate "2023.10.10"]
[SourceQuality "1"]

1. e4 d5 2. exd5 Qxd5 3. Nc3 Qd6 4. d4 Nf6 5. Nf3 a6 6. g3 Nc6 7. Bg2 Bg4 8. 0-0 0-0-0 9. Be3 Qb4 10. h3 Bh5 11. g4 Bg6 12. Qc1 e6 13. a3 Qd6 14. b4 Ne4 15. Nxe4 Bxe4 16. c3 f5 17. Bf4 Qd7 18. Qe3 Bd6 19. a4 Ne7 20. Bxd6 Qxd6 21. Ne5 Bxg2 22. Kxg2 Nd5 23. Qg3 f4 24. Qf3 Rdf8 25. b5 a5 26. Nc4 Qe7 27. Nxa5 b6 28. Nc6 Qg5 29. c4 Nf6 30. Ne5 Kd8 31. a5 bxa5 32. Rxa5 h5 33. Ra8+ Ke7 34. Rxf8 Rxf8 35. Qc6 hxg4 36. hxg4 Nxg4 37. Qxc7+ Kf6 38. Nd7+ Kf5 39. Qc5+ Ne5+ 0-1

[Event "IRI-ch (Women)"]
[Site "Tehran"]
[Date "2016.01.21"]
[Round "8"]
[White "Hashemi, Seyede Fatemeh"]
[Black "Kalantari, Sedigheh"]
[Result "1/2-1/2"]
[WhiteElo "1812"]
[BlackElo "1958"]
[PlyCount "52"]
[EventDate "2016.01.16"]
[EventType "swiss"]
[EventRounds "9"]
[EventCountry "IRI"]
[SourceTitle "CBM 170 Extra"]
[Source "ChessBase"]
[SourceDate "2016.02.25"]
[SourceVersion "1"]
[SourceVersionDate "2016.02.25"]
[SourceQuality "1"]

1. e4 c5 2. Nc3 a6 3. f4 e6 4. Nf3 Nc6 5. d4 cxd4 6. Nxd4 Nxd4 7. Qxd4 b5 8. Be2 Bb7 9. a3 Rc8 10. Be3 Nf6 11. Bf3 Bc5 12. Qd3 Bxe3 13. Qxe3 d6 14. 0-0 0-0 15. Kh1 d5 16. Rad1 Qc7 17. exd5 exd5 18. Qe5 Qc4 19. Qd4 Qc7 20. Qe5 Qc4 21. Qd4 Qc7 22. Rfe1 Rfd8 23. Re5 Rf8 24. Ree1 Rfe8 25. Re5 Red8 26. Be4 dxe4 1/2-1/2

[Event "IRI-ch (Women)"]
[Site "Tehran"]
[Date "2016.01.18"]
[Round "4"]
[White "Alinasab, Mobina"]
[Black "Kalantari, Sedigheh"]
[Result "0-1"]
[WhiteElo "2112"]
[BlackElo "1958"]
[PlyCount "130"]
[EventDate "2016.01.16"]
[EventType "swiss"]
[EventRounds "9"]
[EventCountry "IRI"]
[SourceTitle "CBM 170 Extra"]
[Source "ChessBase"]
[SourceDate "2016.02.25"]
[SourceVersion "1"]
[SourceVersionDate "2016.02.25"]
[SourceQuality "1"]

1. e4 c5 2. Nf3 e6 3. d4 cxd4 4. Nxd4 a6 5. Nc3 Qc7 6. Qf3 Nc6 7. Be3 Nf6 8. 0-0-0 Bb4 9. Bf4 Qa5 10. Nb3 Qh5 11. Qxh5 Nxh5 12. Be3 Nf6 13. f3 b5 14. a3 Bxc3 15. bxc3 d5 16. Nc5 dxe4 17. fxe4 0-0 18. Be2 e5 19. h3 Nd8 20. g4 Be6 21. g5 Ne8 22. Nd3 Nb7 23. Nxe5 Rc8 24. Bd4 Ned6 25. Bf3 Na5 26. Nd3 Ndc4 27. Bc5 Rfe8 28. Bd4 Nxa3 29. Nc5 b4 30. cxb4 Nc6 31. c3 Nb5 32. Kb2 Nbxd4 33. cxd4 Nxb4 34. Kc3 a5 35. Ra1 Nc6 36. Nxe6 fxe6 37. Kd3 Red8 38. d5 Ne5+ 39. Ke3 exd5 40. exd5 Nxf3 41. Kxf3 Rxd5 42. h4 Rc4 43. Rab1 a4 44. Rb8+ Kf7 45. Rb7+ Kg6 46. h5+ Kxg5 47. Rxg7+ Kh6 48. Ra7 Rd3+ 49. Ke2 Rg3 50. Ra6+ Kg5 51. Ra7 Rc2+ 52. Kd1 Ra2 53. Rg7+ Kh6 54. Rxg3 Ra1+ 55. Kc2 Rxh1 56. Rg4 a3 57. Kb3 Rh3+ 58. Ka2 Kxh5 59. Ra4 Rg3 60. Kb1 Kg5 61. Rb4 h5 62. Rb8 h4 63. Rh8 Kg4 64. Rg8+ Kf3 65. Rh8 h3 0-1

[Event "IRI-ch (Women)"]
[Site "Tehran"]
[Date "2016.01.16"]
[Round "1"]
[White "Kalantari, Sedigheh"]
[Black "Khachatourians, Teni"]
[Result "0-1"]
[WhiteElo "1958"]
[BlackElo "1771"]
[PlyCount "66"]
[EventDate "2016.01.16"]
[EventType "swiss"]
[EventRounds "9"]
[EventCountry "IRI"]
[SourceTitle "CBM 170 Extra"]
[Source "ChessBase"]
[SourceDate "2016.02.25"]
[SourceVersion "1"]
[SourceVersionDate "2016.02.25"]
[SourceQuality "1"]

1. e4 c6 2. d4 d5 3. Nd2 dxe4 4. Nxe4 Bf5 5. Ng3 Bg6 6. h4 h6 7. h5 Bh7 8. Nf3 Qa5+ 9. c3 Nd7 10. Bd3 Bxd3 11. Qxd3 Ngf6 12. Bd2 e6 13. c4 Bb4 14. Qb3 Bxd2+ 15. Nxd2 0-0 16. 0-0-0 c5 17. Nde4 b5 18. dxc5 bxc4 19. Qxc4 Rfc8 20. Kb1 Nxe4 21. Nxe4 Nxc5 22. Nd6 Rcb8 23. Rh4 Qb6 24. b3 a5 25. Ka1 Ra7 26. Rhd4 Rc7 27. Qe2 Nxb3+ 28. axb3 Qxb3 29. Nb5 Rxb5 30. Rd8+ Kh7 31. Qd3+ Qxd3 32. R8xd3 Rxh5 33. Ra3 Rc2 0-1

[Event "Wch U14 Girls"]
[Site "Porto Carras"]
[Date "2015.10.28"]
[Round "4"]
[White "Redondo Benavente, Ana"]
[Black "Kalantari, Sedigheh"]
[Result "1/2-1/2"]
[WhiteElo "2064"]
[BlackElo "1953"]
[PlyCount "119"]
[EventDate "2015.10.25"]
[EventType "swiss"]
[EventRounds "11"]
[EventCountry "GRE"]
[SourceTitle "CBM 169 Extra"]
[Source "ChessBase"]
[SourceDate "2015.12.18"]
[SourceVersion "1"]
[SourceVersionDate "2015.12.18"]
[SourceQuality "1"]

1. e4 c5 2. c3 Nf6 3. e5 Nd5 4. d4 cxd4 5. Nf3 d6 6. cxd4 Nc6 7. Bc4 Nb6 8. Bb5 Bd7 9. Nc3 dxe5 10. d5 Nd4 11. Bxd7+ Nxd7 12. Nxd4 exd4 13. Qxd4 Qb6 14. Qc4 a6 15. Be3 Qa5 16. 0-0 g6 17. Bd4 Rg8 18. Rfe1 Bg7 19. b4 Qd8 20. Bxg7 Rxg7 21. Re3 Kf8 22. Rae1 f6 23. f4 Rc8 24. Qb3 Nb6 25. Rd3 Nc4 26. Ne4 b6 27. Nc3 Nd6 28. Ne2 Rf7 29. Nd4 Kg8 30. Nc6 Qd7 31. Re6 b5 32. Rde3 Re8 33. Qd3 Nf5 34. Re2 Nd6 35. Qd4 Nc4 36. Qc5 Kf8 37. g4 Nd6 38. Kf2 Nc4 39. Kf3 Nd6 40. Kg3 Nc4 41. Rc2 g5 42. fxg5 fxg5 43. Ne5 Nxe5 44. Rxe5 Qd6 45. Qxd6 exd6 46. Rxe8+ Kxe8 47. Rc6 Rf4 48. Rxd6 Rxb4 49. Rxa6 Rd4 50. Kf3 Rxd5 51. Ke4 Rd2 52. h3 Kf7 53. Kf5 Rd5+ 54. Ke4 Rd2 55. Ke5 Rd3 56. Ra5 b4 57. Kf5 Rxh3 58. Ra7+ Kg8 59. Kxg5 b3 60. axb3 1/2-1/2

[Event "Qazvin op (Women) 18th"]
[Site "Qazvin"]
[Date "2015.08.17"]
[Round "6"]
[White "Afshar, Niusha"]
[Black "Kalantari, Sedigheh"]
[Result "0-1"]
[WhiteElo "1981"]
[BlackElo "1892"]
[PlyCount "106"]
[EventDate "2015.08.14"]
[EventType "swiss"]
[EventRounds "11"]
[EventCountry "IRI"]
[SourceTitle "EXT 2016"]
[Source "ChessBase"]
[SourceDate "2015.10.08"]
[SourceVersion "1"]
[SourceVersionDate "2015.10.08"]
[SourceQuality "1"]

1. e4 c5 2. c3 Nf6 3. e5 Nd5 4. d4 cxd4 5. Nf3 d6 6. cxd4 Nc6 7. Bc4 Nb6 8. Bb5 Bd7 9. Nc3 dxe5 10. dxe5 g6 11. 0-0 Bg7 12. Bf4 0-0 13. Re1 a6 14. Bf1 Qc7 15. Qc1 Be6 16. Qe3 Rfd8 17. Ng5 Nd7 18. Nxe6 fxe6 19. Bc4 Nf8 20. Rac1 Qa5 21. Bb3 Nd4 22. Na4 Nxb3 23. axb3 Rac8 24. Nb6 Rxc1 25. Rxc1 Qa2 26. Qc3 h6 27. Be3 g5 28. f4 gxf4 29. Bxf4 Ng6 30. Bg3 h5 31. h4 Bh6 32. Rf1 Bd2 33. Qc2 Kg7 34. Nc4 Bb4 35. Bf2 b5 36. Bb6 Rc8 37. Qe4 bxc4 38. Rf3 Qa1+ 39. Kh2 Qe1 40. Re3 Qxh4+ 41. Qxh4 Nxh4 42. Re4 Ng6 43. bxc4 Bc5 44. Ba5 Rb8 45. Bc3 Bb4 46. Bd4 Rc8 47. b3 Bc5 48. Bc3 Rb8 49. Bd4 Bxd4 50. Rxd4 Rxb3 51. c5 Rc3 52. Ra4 Rxc5 53. Kg3 Kf7 0-1

[Event "IRI-ch (Women)"]
[Site "Tehran"]
[Date "2014.12.10"]
[Round "5"]
[White "Alinasab, Mobina"]
[Black "Kalantari, Sedigheh"]
[Result "1-0"]
[WhiteElo "1881"]
[BlackElo "1895"]
[PlyCount "99"]
[EventDate "2014.12.07"]
[EventType "swiss"]
[EventRounds "11"]
[EventCountry "IRI"]
[SourceTitle "CBM 163 Extra"]
[Source "ChessBase"]
[SourceDate "2014.12.23"]
[SourceVersion "1"]
[SourceVersionDate "2014.12.23"]
[SourceQuality "1"]

1. d4 Nf6 2. Nf3 e6 3. Bg5 h6 4. Bxf6 Qxf6 5. Nc3 Bb4 6. Qd2 b6 7. a3 Bxc3 8. Qxc3 Qd8 9. e4 d6 10. Bd3 Nd7 11. Qd2 Bb7 12. c3 a6 13. Qe2 c5 14. 0-0 0-0 15. Rad1 Qc7 16. Bb1 b5 17. Qd3 c4 18. Qe2 e5 19. Nh4 Nf6 20. Nf5 Rad8 21. Qf3 Kh7 22. Ne3 Kh8 23. Nf5 Ng8 24. Qg3 g6 25. Ne3 Nf6 26. Qh4 Kg7 27. f4 exd4 28. Rxd4 Qe7 29. Ng4 h5 30. Nxf6 Qxf6 31. Qf2 Rde8 32. Rfd1 Re6 33. f5 gxf5 34. exf5 Re5 35. Rxd6 Qg5 36. h4 Qg4 37. R6d4 Be4 38. Bxe4 Rxe4 39. Rxe4 Qxe4 40. Re1 Qg4 41. Re3 Qd1+ 42. Kh2 Kh8 43. Qf4 Kh7 44. Rg3 Rg8 45. f6 Qc2 46. Rxg8 Kxg8 47. Qg5+ Qg6 48. Kg3 Kf8 49. Kf4 Qh7 50. Qc5+ 1-0

[Event "Wch U12 Girls"]
[Site "Durban"]
[Date "2014.09.28"]
[Round "10"]
[White "Kalantari, Sedigheh"]
[Black "Okuyaz, Duru"]
[Result "1/2-1/2"]
[WhiteElo "1817"]
[BlackElo "1888"]
[PlyCount "162"]
[EventDate "2014.09.20"]
[EventType "swiss"]
[EventRounds "11"]
[EventCountry "RSA"]
[SourceTitle "CBM 162 Extra"]
[Source "ChessBase"]
[SourceDate "2014.10.17"]
[SourceVersion "1"]
[SourceVersionDate "2014.10.17"]
[SourceQuality "1"]

1. e4 e6 2. d4 d5 3. Nd2 c5 4. exd5 exd5 5. Ngf3 Nc6 6. Bb5 Bd6 7. dxc5 Bxc5 8. Nb3 Bb6 9. 0-0 Nge7 10. Re1 0-0 11. c3 Bg4 12. Bd3 h6 13. h3 Bh5 14. Be2 Qd6 15. Nfd4 Bxe2 16. Rxe2 Bc7 17. g3 Qd7 18. Kg2 Ng6 19. Qc2 h5 20. Qf5 Qxf5 21. Nxf5 Rfe8 22. Rxe8+ Rxe8 23. Be3 Nge5 24. Rd1 g6 25. Nfd4 Nc4 26. Bc1 a6 27. Nc5 Bb6 28. Nd7 Bxd4 29. cxd4 Re2 30. Kf1 Rc2 31. b3 Nd6 32. a3 Ne4 33. Be3 Rc3 34. Nb6 Rxb3 35. Nxd5 Rxa3 36. Bh6 Ra4 37. f3 Nxg3+ 38. Kf2 Nf5 39. Nf6+ Kh8 40. Bg5 Rxd4 41. Re1 Ng7 42. Ne4 Rd5 43. Bf6 Kg8 44. Rb1 Rd7 45. Bg5 Ne8 46. Re1 f6 47. Bxf6 Kf7 48. Bc3 Ng7 49. Nc5 Re7 50. Rxe7+ Nxe7 51. Nxb7 Nd5 52. Bd2 Ne6 53. Nd6+ Ke7 54. Ne4 Nd4 55. Nc5 Nc7 56. Ba5 Nde6 57. Ne4 Nd5 58. Kg3 Ne3 59. Bb4+ Kf7 60. Nd6+ Kg7 61. Bc3+ Kh7 62. Ba5 Nf5+ 63. Nxf5 gxf5 64. Bb6 Kg6 65. f4 Nf8 66. Kf3 Nd7 67. Bc7 Kf7 68. Ke3 Nc5 69. Bb6 Ne4 70. Kd4 Ke6 71. Ba5 Nf2 72. h4 Ng4 73. Be1 Kd6 74. Bb4+ Kc6 75. Be1 Kd6 76. Bb4+ Ke6 77. Be1 Nh2 78. Kc5 a5 79. Bxa5 Ng4 80. Kd4 Nf6 81. Bd8 Ng4 1/2-1/2

[Event "Wch U12 Girls"]
[Site "Durban"]
[Date "2014.09.27"]
[Round "9"]
[White "Kalantari, Sedigheh"]
[Black "Yao, Licia"]
[Result "1-0"]
[WhiteElo "1817"]
[BlackElo "1618"]
[PlyCount "91"]
[EventDate "2014.09.20"]
[EventType "swiss"]
[EventRounds "11"]
[EventCountry "RSA"]
[SourceTitle "CBM 162 Extra"]
[Source "ChessBase"]
[SourceDate "2014.10.17"]
[SourceVersion "1"]
[SourceVersionDate "2014.10.17"]
[SourceQuality "1"]

1. e4 e6 2. d4 d5 3. Nd2 Nf6 4. e5 Nfd7 5. Bd3 c5 6. c3 Nc6 7. Ngf3 Be7 8. 0-0 g5 9. dxc5 g4 10. Nd4 Ndxe5 11. Bb5 Bd7 12. N2b3 Nxd4 13. Bxd7+ Nxd7 14. cxd4 Nf6 15. Bf4 Rg8 16. Qc2 Rc8 17. Nd2 Qd7 18. b4 Rg6 19. f3 Nh5 20. fxg4 Nxf4 21. Rxf4 Bg5 22. Rf3 Qb5 23. a3 Qe2 24. Qa4+ Kd8 25. Nf1 Qe4 26. Qa5+ Ke8 27. Qb5+ Kd8 28. Qxb7 Qxd4+ 29. Kh1 Rf6 30. Rxf6 Bxf6 31. Rc1 Rc7 32. Qb8+ Rc8 33. Qxa7 Qb2 34. c6 Rc7 35. Qb8+ Rc8 36. Qd6+ Ke8 37. Qd7+ Kf8 38. Qxc8+ Kg7 39. Rd1 Qe2 40. Ne3 Bd4 41. Qc7 Qxe3 42. Qg3 Qxg3 43. hxg3 Bb6 44. Rc1 Bc7 45. a4 d4 46. a5 1-0

[Event "Wch U12 Girls"]
[Site "Durban"]
[Date "2014.09.23"]
[Round "6"]
[White "Aciu, Malina Andreea"]
[Black "Kalantari, Sedigheh"]
[Result "0-1"]
[WhiteElo "1648"]
[BlackElo "1817"]
[PlyCount "61"]
[EventDate "2014.09.20"]
[EventType "swiss"]
[EventRounds "11"]
[EventCountry "RSA"]
[SourceTitle "CBM 162 Extra"]
[Source "ChessBase"]
[SourceDate "2014.10.17"]
[SourceVersion "1"]
[SourceVersionDate "2014.10.17"]
[SourceQuality "1"]

1. e4 c5 2. Nf3 e6 3. d4 cxd4 4. Nxd4 a6 5. Nc3 Qc7 6. a3 Nf6 7. Be3 b5 8. Bd3 Bb7 9. 0-0 d6 10. f4 g6 11. Qe1 Ng4 12. Bf2 Nxf2 13. Qxf2 Nd7 14. Rae1 Nc5 15. f5 gxf5 16. exf5 e5 17. Ne4 Nxe4 18. Bxe4 Bxe4 19. Rxe4 0-0-0 20. Nb3 d5 21. Ree1 f6 22. Ra1 Bd6 23. a4 b4 24. c3 bxc3 25. bxc3 Kb7 26. Rab1 Ka8 27. c4 e4 28. h3 Rc8 29. Rbc1 Rhe8 30. Kh1 Bg3 31. Qe2 0-1

[Event "Wch U12 Girls"]
[Site "Durban"]
[Date "2014.09.23"]
[Round "5"]
[White "Kalantari, Sedigheh"]
[Black "Antova, Gabriela"]
[Result "0-1"]
[WhiteElo "1817"]
[BlackElo "1989"]
[PlyCount "88"]
[EventDate "2014.09.20"]
[EventType "swiss"]
[EventRounds "11"]
[EventCountry "RSA"]
[SourceTitle "CBM 162 Extra"]
[Source "ChessBase"]
[SourceDate "2014.10.17"]
[SourceVersion "1"]
[SourceVersionDate "2014.10.17"]
[SourceQuality "1"]

1. e4 c5 2. Nf3 d6 3. d4 cxd4 4. Nxd4 Nf6 5. Nc3 a6 6. Bc4 e6 7. Bb3 Nbd7 8. f4 Nc5 9. e5 dxe5 10. fxe5 Nfd7 11. Bf4 b5 12. Qe2 Bb7 13. 0-0-0 Qc7 14. Rhf1 0-0-0 15. Kb1 h6 16. Bg3 Nb6 17. Ncxb5 axb5 18. Nxb5 Rxd1+ 19. Qxd1 Qd7 20. Qxd7+ Nbxd7 21. Rxf7 Nxb3 22. axb3 Bxg2 23. Nd4 Bh3 24. c3 g5 25. b4 h5 26. Rf3 Bg4 27. Re3 Bg7 28. Nc6 Kc7 29. b5 Rf8 30. c4 Rf3 31. Rxf3 Bxf3 32. Nd4 Bg4 33. h4 Bxe5 34. Bf2 gxh4 35. b4 Bxd4 36. Bxd4 Be2 37. b6+ Nxb6 38. c5 Nd5 39. Bf2 h3 40. Kc2 Nxb4+ 41. Kd2 Bg4 42. Kc3 Nd5+ 43. Kc4 Kc6 44. Bg1 Ne3+ 0-1

[Event "IRI-ch (Women)"]
[Site "Rasht"]
[Date "2013.12.04"]
[Round "6"]
[White "Ghader Pour, Shayesteh"]
[Black "Kalantari, Sedigheh"]
[Result "1-0"]
[WhiteElo "2223"]
[BlackElo "1772"]
[PlyCount "111"]
[EventDate "2013.11.30"]
[EventType "swiss"]
[EventRounds "11"]
[EventCountry "IRI"]
[SourceTitle "CBM 157 Extra"]
[Source "ChessBase"]
[SourceDate "2013.12.19"]
[SourceVersion "1"]
[SourceVersionDate "2013.12.19"]
[SourceQuality "1"]

1. e4 c5 2. Nf3 e6 3. b3 b6 4. Bb2 Bb7 5. Qe2 Nf6 6. e5 Nd5 7. a3 Be7 8. c4 Nf4 9. Qe3 Ng6 10. Bd3 0-0 11. h4 f5 12. h5 Nh4 13. Nxh4 Bxh4 14. Qh3 Bg5 15. 0-0 Nc6 16. f4 Be7 17. Nc3 Nd4 18. Nb5 Nxb3 19. Rad1 Na5 20. Nd6 Ba6 21. Qg3 Bxd6 22. exd6 Rf7 23. h6 g6 24. Be2 Nc6 25. Bf3 Nd4 26. Bxd4 cxd4 27. Bxa8 Qxa8 28. d3 Qb8 29. Rb1 Qxd6 30. Rfe1 Bb7 31. Qf2 Bc6 32. Rbc1 Qxa3 33. Qxd4 Qf8 34. Ra1 Qxh6 35. Rxa7 Qh4 36. Qf2 Qg4 37. Rb1 h5 38. Rxb6 h4 39. Rb8+ Kg7 40. Ra1 h3 41. g3 e5 42. Re1 h2+ 43. Qxh2 Rf8 44. Rxf8 Kxf8 45. Rxe5 Kg7 46. Re7+ Kf8 47. Re3 Kg7 48. Qe2 Qh3 49. Re7+ Kh6 50. Qh2 Qxh2+ 51. Kxh2 Ba4 52. d4 Bc6 53. d5 Ba4 54. c5 Bb5 55. c6 dxc6 56. d6 1-0

[Event "IRI-ch (Women)"]
[Site "Rasht"]
[Date "2013.12.01"]
[Round "2"]
[White "Zahedifar, Anahita"]
[Black "Kalantari, Sedigheh"]
[Result "0-1"]
[WhiteElo "1816"]
[BlackElo "1772"]
[PlyCount "94"]
[EventDate "2013.11.30"]
[EventType "swiss"]
[EventRounds "11"]
[EventCountry "IRI"]
[SourceTitle "CBM 157 Extra"]
[Source "ChessBase"]
[SourceDate "2013.12.19"]
[SourceVersion "1"]
[SourceVersionDate "2013.12.19"]
[SourceQuality "1"]

1. c4 Nf6 2. Nc3 c5 3. Nf3 b6 4. g3 Bb7 5. Bg2 e6 6. 0-0 d6 7. Re1 Nbd7 8. e4 Ng4 9. d3 a6 10. Bf4 Nge5 11. Nxe5 dxe5 12. Be3 Be7 13. Qe2 0-0 14. Rad1 Qc7 15. Kh1 Bc6 16. Nb1 Qb7 17. f3 b5 18. b3 b4 19. Nd2 a5 20. Ra1 a4 21. Reb1 axb3 22. axb3 Ra6 23. Qd1 Rfa8 24. f4 Bf6 25. Rxa6 Rxa6 26. Nf3 exf4 27. gxf4 Bc3 28. Ng5 h6 29. Nh3 f5 30. Qf3 Nf6 31. Nf2 Ra5 32. Qh3 Qd7 33. e5 Ng4 34. Rg1 Bxg2+ 35. Rxg2 Ra1+ 36. Rg1 Qb7+ 37. Ne4 Nxe3 38. Rxa1 Bxa1 39. Qxe3 fxe4 40. Qxe4 Qxe4+ 41. dxe4 g5 42. fxg5 hxg5 43. Kg2 Bxe5 44. h3 Kg7 45. Kf3 Kg6 46. Kg4 Bf6 47. Kg3 Kh5 0-1

[Event "IRI-ch (Women)"]
[Site "Rasht"]
[Date "2013.11.30"]
[Round "1"]
[White "Kalantari, Sedigheh"]
[Black "Derakhshani, Dorsa"]
[Result "0-1"]
[WhiteElo "1772"]
[BlackElo "2087"]
[PlyCount "80"]
[EventDate "2013.11.30"]
[EventType "swiss"]
[EventRounds "11"]
[EventCountry "IRI"]
[SourceTitle "CBM 157 Extra"]
[Source "ChessBase"]
[SourceDate "2013.12.19"]
[SourceVersion "1"]
[SourceVersionDate "2013.12.19"]
[SourceQuality "1"]

1. e4 e5 2. Nf3 Nc6 3. Bb5 a6 4. Ba4 d6 5. 0-0 Bd7 6. d4 Nge7 7. c3 g6 8. dxe5 dxe5 9. Bg5 Bg7 10. Qe2 0-0 11. Bc2 h6 12. Bc1 Qe8 13. b3 Nd8 14. Bb2 Ne6 15. g3 c5 16. Na3 b5 17. Rfd1 Rd8 18. Rd6 Nc6 19. Rad1 Qe7 20. R6d2 h5 21. h4 Bh6 22. Rd5 Nc7 23. R5d3 Bg4 24. Rxd8 Nxd8 25. Rd3 f5 26. Qe1 Nc6 27. Ng5 Bxg5 28. hxg5 Qxg5 29. Rd6 Rf6 30. Bc1 f4 31. Rxf6 Qxf6 32. gxf4 exf4 33. Qd2 Ne6 34. Qd5 Ne5 35. Kf1 Bh3+ 36. Ke2 Bg4+ 37. Kf1 Qh4 38. Ke1 Qh1+ 39. Kd2 Nf3+ 40. Kd3 Qf1# 0-1

[Event "Wch U10 Girls"]
[Site "Maribor"]
[Date "2012.11.10"]
[Round "3.12"]
[White "Kalantari, Sedigheh"]
[Black "Pribylova, Sofie"]
[Result "1-0"]
[WhiteElo "1697"]
[BlackElo "1424"]
[PlyCount "109"]
[EventDate "2012.11.08"]
[EventType "swiss"]
[EventRounds "11"]
[EventCountry "SLO"]
[SourceTitle "EXT 2013"]
[Source "ChessBase"]
[SourceDate "2012.11.22"]
[SourceVersion "1"]
[SourceVersionDate "2012.11.22"]
[SourceQuality "1"]

1. e4 c5 2. c3 d6 3. Nf3 Nf6 4. Bd3 g6 5. Bc2 Nc6 6. d3 Bg7 7. 0-0 0-0 8. Re1 e5 9. Nbd2 b5 10. Nf1 Ba6 11. a3 Bb7 12. Be3 a5 13. d4 Ng4 14. dxc5 Nxe3 15. Nxe3 dxc5 16. Qe2 b4 17. Qb5 Rb8 18. Qxc5 bxc3 19. bxc3 Qe7 20. Qxe7 Nxe7 21. Rab1 Rfc8 22. c4 Ba6 23. Bd3 f6 24. Rxb8 Rxb8 25. Rb1 Rd8 26. Ne1 Bh6 27. Rb6 Bc8 28. Rxf6 Kg7 29. Rb6 Rf8 30. Nd5 Nxd5 31. cxd5 Bg4 32. h3 Bd1 33. Nc2 Bd2 34. d6 Bxc2 35. Bxc2 Be1 36. f3 Rc8 37. Rb7+ Kh6 38. Rc7 Rd8 39. d7 Bh4 40. Ba4 Kg7 41. Rc5 Be7 42. Rxe5 Bxa3 43. Rxa5 Be7 44. e5 Bb4 45. e6 Bxa5 46. e7 Bb6+ 47. Kf1 Ra8 48. e8Q Rxa4 49. d8Q Ra1+ 50. Ke2 Bxd8 51. Qxd8 Ra2+ 52. Ke3 Rxg2 53. Qe7+ Kh6 54. Kf4 g5+ 55. Kf5 1-0

[Event "Wch U10 Girls"]
[Site "Maribor"]
[Date "2012.11.09"]
[Round "2.10"]
[White "Szulc, Zofia"]
[Black "Kalantari, Sedigheh"]
[Result "1/2-1/2"]
[WhiteElo "1446"]
[BlackElo "1697"]
[PlyCount "51"]
[EventDate "2012.11.08"]
[EventType "swiss"]
[EventRounds "11"]
[EventCountry "SLO"]
[SourceTitle "EXT 2013"]
[Source "ChessBase"]
[SourceDate "2012.11.22"]
[SourceVersion "1"]
[SourceVersionDate "2012.11.22"]
[SourceQuality "1"]

1. e4 e5 2. Nf3 Nf6 3. d4 Nxe4 4. Nxe5 d6 5. Nf3 d5 6. Bd3 Nc6 7. 0-0 Be7 8. c4 Nb4 9. Be2 0-0 10. Nc3 Bf5 11. a3 Nxc3 12. bxc3 Nc6 13. Bf4 Rc8 14. Bd3 Bg4 15. h3 Be6 16. cxd5 Bxd5 17. Ne5 Nxe5 18. Bxe5 f6 19. Qh5 g6 20. Bxg6 hxg6 21. Qxg6+ Kh8 22. Qh6+ Kg8 23. Qg6+ Kh8 24. Qh6+ Kg8 25. Qg6+ Kh8 26. Qh6+ 1/2-1/2